Vista normal
Vista MARC
- Martínez Ledesma, José
Entrada Nombre de persona
Número de registros utilizados en: 2
001 - NÚMERO DE CONTROL
- campo de control: 2460
003 - IDENTIFICADOR DEL NÚMERO DE CONTROL
- campo de control: ES-MaFIAP
005 - FECHA Y HORA DE LA ÚLTIMA TRANSACCIÓN
- campo de control: 20231226140027.0
008 - DATOS DE LONGITUD FIJA
- campo de control de longitud fija: 231226|| aca||aabn | a|a d
040 ## - FUENTE DE LA CATALOGACIÓN
- Centro catalogador/agencia de origen: ES-MaFIAP
- Centro/agencia transcriptor: ES-MaFIAP
100 ## - ENCABEZAMIENTO-NOMBRE DE PERSONA
- Nombre de persona: Martínez Ledesma, José
670 ## - FUENTE DE DATOS ENCONTRADOS
- Cita de la fuente: Work cat.: (ES-MaFIAP)975: González Rus, Gaspar 2455, Logopedia : , 2000





